00556nam a2200193Ia 450000500170000000800410001704000190005804100120007708200160008910000250010524500620013025000120019226000400020430000220024450400500026665000140031665100220033085000100035220230626144737.0131103s9999 xx 000 0 und d aLoreto College aEnglish a301.15bLIN aLindgren, Henry Clay 3aAn introduction to social psychologycHenry Clay Lindgren a2nd ed. aNew DelhibWiley Eastern Ltd.c1993 axiv,497 p.b ill. aIncludes bibliographical references and index aSociology aSocial psychology aLCLIB